Loading...
Literature - European Literature | 0 | 3 | 0 | 0 | 30 | 85 | 105.67 | 0 | 2 |
Fine Arts - Visual Fine Arts | 0 | 3 | 0 | 1 | 30 | 97 | 111.33 | 0 | 0 |
Literature - American Literature | 0 | 3 | 0 | 1 | 30 | 62 | 90.33 | 0 | 2 |
History - American History | 0 | 2 | 0 | 1 | 20 | 80 | 96.50 | 0 | 0 |
Mythology | 0 | 1 | 0 | 1 | 10 | 134 | 134.00 | 0 | 0 |
Other Academic | 0 | 1 | 0 | 1 | 10 | 129 | 129.00 | 0 | 0 |
Fine Arts - Other Fine Arts | 0 | 1 | 0 | 0 | 10 | 111 | 111.00 | 0 | 1 |
History - European History | 0 | 1 | 0 | 0 | 10 | 98 | 98.00 | 0 | 1 |
Literature - British Literature | 0 | 1 | 0 | 0 | 10 | 106 | 106.00 | 0 | 0 |
Literature - World/Other Literature | 0 | 1 | 0 | 1 | 10 | 141 | 141.00 | 0 | 0 |
Religion | 0 | 0 | 1 | 0 | -5 | 0.00 | 0 | 0 | |
Science - Other Science | 0 | 0 | 1 | 0 | -5 | 0.00 | 0 | 0 |